00795nam a2200217Ii 45000010005000000030009000050080041000140400033000550410008000880820015000961100071001112450032001822640062002143000012002763360026002883370028003143380027003429400050003699990017004199520141004365045CO-ViMGA241108s9999||||xx |||||||||||||| ||und|| aCO-ViMGAbspaerdacCO-ViMGA0 aunk04a741.5-B2131 aBanco de la República (Colombia). Fondo Cultural Cafetero95741410aAlberto Arango :b1897-1941 1a[Lugar de publicación no identificado] : El Banco, 1988 avolumen atextbtxt2rdacontent aunmediatedbn2rdamedia avolumebnc2rdacarrier aidficha_siabuc: 4916. -- ficha_no_siabuc:5045 c56364d56364 001040708001aMEVIGERRbMEVIGERRcGENd2006-11-27hVol.1o741.5-B213pECA4070r2024-11-26 10:52:19tEj.1w2024-11-26yBKz4916 | 7040